| 000 | 00379nam a2200121 4500 | ||
|---|---|---|---|
| 999 |
_c10091 _d10091 |
||
| 008 | 180801b ||||| |||| 00| 0 eng d | ||
| 100 |
_929800 _aInquirer Mindanao |
||
| 245 |
_aWind rekindles fire on Mt. Apo; wild animals flee/ _cInquirer Mindanao |
||
| 260 |
_aPhilippines _bPhilippine Daily Inquirer _cc2016 |
||
| 300 | _apage A9. | ||
| 650 | 0 |
_929801 _aVolcano. |
|
| 942 |
_2ddc _cPER |
||